Hlavní je komunikace a příjemné prostředí
Pozitívne emócie na pracovisku. Udržovanie šťastných zamestnancov má na starosti personálne oddelenie, management alebo manažéri šťastia. Pre väčšiu spokojnosť personálu firmy organizujú spoločné teambuildingy, vylepšujú kancelárie alebo pripravujú zamestnanecké benefity na mieru. Nechýba spoločná y...
Enregistré dans:
| Auteur principal: | |
|---|---|
| Format: | Chapitre de livre |
| Langue: | tchèque |
| Sujets: | |
| Tags: |
Pas de tags, Soyez le premier à ajouter un tag!
|
MARC
| LEADER | 00000naa a2200000 4500 | ||
|---|---|---|---|
| 001 | 0240031 | ||
| 005 | 20180208080201.0 | ||
| 041 | 0 | |a cze | |
| 044 | |a CZ | ||
| 245 | 1 | 0 | |a Hlavní je komunikace a příjemné prostředí |c Kristýna Pružinová |
| 520 | |a Pozitívne emócie na pracovisku. Udržovanie šťastných zamestnancov má na starosti personálne oddelenie, management alebo manažéri šťastia. Pre väčšiu spokojnosť personálu firmy organizujú spoločné teambuildingy, vylepšujú kancelárie alebo pripravujú zamestnanecké benefity na mieru. Nechýba spoločná yóga alebo meditácie. k spokojnosti zamestnancov prispieva aj detský kútik. | ||
| 610 | 2 | 0 | |a spokojnosť v práci |
| 610 | 2 | 0 | |a benefity |
| 610 | 2 | 0 | |a prieskum |
| 610 | 2 | 0 | |a firmy |
| 610 | 2 | 0 | |a podmienky pracovné |
| 100 | 1 | |a Pružinová, Kristýna | |